Normal view
MARC view
- Griffin, Ed,
Entry Personal Name
001 - CONTROL NUMBER
- control field: 55977
003 - CONTROL NUMBER IDENTIFIER
- control field: NUST
005 - DATE AND TIME OF LATEST TRANSACTION
- control field: 20210628201608.0
008 - FIXED-LENGTH DATA ELEMENTS
- fixed length control field: 210628|| aca||aabn | a|a d
040 ## - CATALOGING SOURCE
- Original cataloging agency: NUST
- Transcribing agency: NUST
100 ## - HEADING--PERSONAL NAME
- Personal name: Griffin, Ed,
- Dates associated with a name: 1965-
670 ## - SOURCE DATA FOUND
- Source citation: Work cat.: (NUST): Griffin, Ed, Alsop, Mike, Saville, Martin, Smith, Grahame 55976, A field guide for organisation development , taking theory into practice
